Animals Close-Ups - Statistics

General Stats
  • This quiz has been taken 70 times
  • The average score is 13 of 16
Answer Stats
Picture Answer % Correct
Lion
98%
Horse
97%
Elephant
95%
Polar Bear
94%
Bee
92%
Crocodile
89%
Whale
87%
Alligator
84%
Peacock
84%
Girraffe
83%
Octopus
83%
Turtle
83%
Dragonfly
75%
Cheetah
63%
Hawk
63%
Hummingbird
57%
No matching quizzes found
Score Distribution
Percent of People with Each Score
Percentile by Number Answered
Your Score History
You have not taken this quiz